[Event "Titled Tuesday intern op 22nd Aug Late"]
[Site "Chess.com INT"]
[Date "2023.08.22"]
[Round "4"]
[White "Krishnan, Varun"]
[Black "Radovic, Luka"]
[Result "1-0"]
[WhiteElo "2341"]
[BlackElo "2348"]
[PlyCount "71"]
[EventDate "2023.08.22"]
[EventType "swiss (blitz)"]
[EventRounds "11"]
[EventCountry "USA"]
[SourceTitle "EXT 2024"]
[Source "ChessBase"]
[SourceDate "2023.10.10"]
[SourceVersion "1"]
[SourceVersionDate "2023.10.10"]
[SourceQuality "1"]

1. d4 Nf6 2. c4 e6 3. Nc3 d5 4. cxd5 exd5 5. Bg5 Be7 6. e3 Nbd7 7. Bd3 0-0 8. Nge2 c6 9. 0-0 Re8 10. Qc2 Nf8 11. Rab1 g6 12. b4 Ne6 13. Bh4 Ng7 14. f3 Bf5 15. Bf2 Bxd3 16. Qxd3 Rc8 17. a4 a5 18. bxa5 c5 19. Rxb7 c4 20. Qc2 Qxa5 21. Rfb1 Nf5 22. R7b5 Qa8 23. Qa2 Bd6 24. a5 Nxe3 25. a6 Nf5 26. a7 Re7 27. Ra1 Rce8 28. Qa6 h5 29. h3 h4 30. Bxh4 Re6 31. Bxf6 Rxf6 32. Qb7 Rfe6 33. Rab1 Kg7 34. Rxd5 Bg3 35. Qxa8 Rxa8 36. Rxf5 1-0

[Event "Titled Tuesday intern op 22nd Aug Late"]
[Site "Chess.com INT"]
[Date "2023.08.22"]
[Round "2"]
[White "Radovic, Luka"]
[Black "Leiva Rodriguez, Jeammarco Giuseppe"]
[Result "0-1"]
[WhiteElo "2348"]
[BlackElo "2380"]
[PlyCount "136"]
[EventDate "2023.08.22"]
[EventType "swiss (blitz)"]
[EventRounds "11"]
[EventCountry "USA"]
[SourceTitle "EXT 2024"]
[Source "ChessBase"]
[SourceDate "2023.10.10"]
[SourceVersion "1"]
[SourceVersionDate "2023.10.10"]
[SourceQuality "1"]

1. Nf3 Nf6 2. c4 e6 3. g3 d5 4. Bg2 Be7 5. 0-0 0-0 6. d3 c5 7. Nc3 d4 8. Na4 Nc6 9. a3 h6 10. Bd2 a5 11. Rb1 e5 12. Qc2 Re8 13. e4 Be6 14. Nh4 Nd7 15. Nf5 Bf8 16. f4 Rb8 17. g4 b5 18. cxb5 Rxb5 19. b4 axb4 20. axb4 Nxb4 21. Bxb4 Rxb4 22. fxe5 Nxe5 23. Nxc5 Rxb1 24. Rxb1 Qc7 25. Qa4 Rd8 26. Nxe6 fxe6 27. Ng3 Nxd3 28. Bf1 Nf4 29. Rd1 d3 30. Qb3 Qc5+ 31. Kh1 Qf2 32. Rc1 Bc5 33. Rxc5 Qxc5 34. Qd1 Qf2 35. e5 Kh8 36. Ne4 Qe3 37. Ng3 d2 38. Be2 Nxe2 39. Nxe2 Qxe2 40. Qxe2 d1Q+ 41. Qxd1 Rxd1+ 42. Kg2 Re1 43. Kf3 Rxe5 44. Kf4 Rd5 45. Kg3 g5 46. Kh3 Kg7 47. Kg2 Kf6 48. Kf2 Ke5 49. Ke3 Rd4 50. Ke2 Re4+ 51. Kf3 Ra4 52. Kg2 Ra3 53. Kf2 Kf4 54. Kg2 Ra2+ 55. Kf1 Ra3 56. Ke1 Kxg4 57. Kd2 Rh3 58. Kc2 Kf4 59. Kb2 g4 60. Kc2 h5 61. Kd2 e5 62. Ke1 e4 63. Kd2 Rd3+ 64. Ke2 h4 65. Kf1 g3 66. Kg2 Rd2+ 67. Kh1 Kf3 68. Kg1 Rd1# 0-1

[Event "Titled Tuesday intern op 15th Nov Early"]
[Site "Chess.com INT"]
[Date "2022.11.15"]
[Round "2"]
[White "Radovic, Luka"]
[Black "Rios Escobar, Adan"]
[Result "0-1"]
[WhiteElo "2348"]
[BlackElo "2276"]
[PlyCount "50"]
[EventDate "2022.11.15"]
[EventType "swiss (blitz)"]
[EventRounds "11"]
[EventCountry "USA"]
[SourceTitle "CBM 211 Extra"]
[Source "ChessBase"]
[SourceDate "2023.01.31"]
[SourceVersion "1"]
[SourceVersionDate "2023.01.31"]
[SourceQuality "1"]

1. e4 c5 2. c3 d5 3. exd5 Nf6 4. d4 Nxd5 5. Nf3 cxd4 6. Nxd4 e5 7. Nf3 Nc6 8. Bc4 Be6 9. Ng5 Nxc3 10. Qxd8+ Rxd8 11. Nxc3 Bxc4 12. Be3 Nb4 13. f3 Nc2+ 14. Kf2 Nxe3 15. Kxe3 Bc5+ 16. Ke4 Bd3+ 17. Kxe5 f6+ 18. Kf4 fxg5+ 19. Kxg5 0-0 20. Ne4 Be3+ 21. Kh4 Rf4+ 22. Kg3 Bxe4 23. fxe4 Rdf8 24. Rhd1 Bf2+ 25. Kh3 Rh4# 0-1

[Event "Titled Tuesday intern op 25th Oct Late"]
[Site "Chess.com INT"]
[Date "2022.10.25"]
[Round "1"]
[White "Caruana, Fabiano"]
[Black "Radovic, Luka"]
[Result "1-0"]
[WhiteElo "2763"]
[BlackElo "2346"]
[PlyCount "69"]
[EventDate "2022.10.25"]
[EventType "swiss (blitz)"]
[EventRounds "11"]
[EventCountry "USA"]
[SourceTitle "EXT 2024"]
[Source "ChessBase"]
[SourceDate "2023.10.10"]
[SourceVersion "1"]
[SourceVersionDate "2023.10.10"]
[SourceQuality "1"]

1. e4 c5 2. Nf3 d6 3. Bb5+ Bd7 4. a4 Nc6 5. 0-0 Nf6 6. Re1 e6 7. c3 Be7 8. d4 d5 9. e5 Ne4 10. Nbd2 cxd4 11. cxd4 f5 12. exf6 Nxf6 13. Bxc6 bxc6 14. Nb3 0-0 15. Ne5 Ne4 16. f3 Nf6 17. Nc5 Bxc5 18. dxc5 Be8 19. Qd4 a5 20. Bd2 Nh5 21. g3 Bg6 22. Nxc6 Qe8 23. Ne5 Bc2 24. Bc3 Bb3 25. c6 Qe7 26. Re3 Bc2 27. Rae1 Rf6 28. Nd7 Rh6 29. Nb6 Rf8 30. Nxd5 Qg5 31. Nc7 Nxg3 32. Qxg7+ Qxg7 33. Bxg7 Kxg7 34. hxg3 Bxa4 35. Nxe6+ 1-0

[Event "Titled Tuesday intern op 25th Oct Late"]
[Site "Chess.com INT"]
[Date "2022.10.25"]
[Round "5"]
[White "Javakhadze, Zurab"]
[Black "Radovic, Luka"]
[Result "1/2-1/2"]
[WhiteElo "2479"]
[BlackElo "2346"]
[PlyCount "93"]
[EventDate "2022.10.25"]
[EventType "swiss (blitz)"]
[EventRounds "11"]
[EventCountry "USA"]
[SourceTitle "EXT 2024"]
[Source "ChessBase"]
[SourceDate "2023.10.10"]
[SourceVersion "1"]
[SourceVersionDate "2023.10.10"]
[SourceQuality "1"]

1. d4 d5 2. c4 e6 3. Nf3 Nf6 4. Qc2 Be7 5. g3 0-0 6. Bg2 dxc4 7. 0-0 a6 8. a4 Bd7 9. Qxc4 Bc6 10. Nc3 b5 11. Qd3 b4 12. Nb1 Be4 13. Qd1 c5 14. Nbd2 Bb7 15. dxc5 Nbd7 16. Nc4 Nxc5 17. Qxd8 Rfxd8 18. Na5 Bd5 19. Ne5 Rac8 20. Nec6 Rd7 21. Nxb4 Bxg2 22. Kxg2 Nb3 23. Nxb3 Bxb4 24. Bg5 Rc2 25. Rac1 Rxb2 26. Rc8+ Bf8 27. Nc5 Rd5 28. Be3 Ng4 29. Nxa6 Rxe2 30. Kf3 Nxe3 31. fxe3 Rxh2 32. Rb1 Rdd2 33. Rbb8 Rhf2+ 34. Ke4 g6 35. Rxf8+ Kg7 36. Nc7 Rc2 37. Rg8+ Kh6 38. Ne8 Rc5 39. Nd6 Rd5 40. g4 f5+ 41. gxf5 gxf5+ 42. Nxf5+ Rfxf5 43. Rb1 Rfe5+ 44. Kf4 Rf5+ 45. Ke4 Rfe5+ 46. Kf4 Rf5+ 47. Ke4 1/2-1/2

[Event "Titled Tuesday intern op 25th Oct Late"]
[Site "Chess.com INT"]
[Date "2022.10.25"]
[Round "9"]
[White "Radovic, Luka"]
[Black "Bogaudinov, Rushan"]
[Result "1/2-1/2"]
[WhiteElo "2346"]
[BlackElo "2003"]
[PlyCount "162"]
[EventDate "2022.10.25"]
[EventType "swiss (blitz)"]
[EventRounds "11"]
[EventCountry "USA"]
[SourceTitle "EXT 2024"]
[Source "ChessBase"]
[SourceDate "2023.10.10"]
[SourceVersion "1"]
[SourceVersionDate "2023.10.10"]
[SourceQuality "1"]

1. e4 c5 2. Nf3 d6 3. d3 g6 4. g3 Bg7 5. Bg2 Nf6 6. 0-0 Nc6 7. Re1 e5 8. c3 0-0 9. d4 Qc7 10. d5 Ne7 11. b4 Nd7 12. Na3 a6 13. Be3 b5 14. Nd2 f5 15. f3 f4 16. Bf2 fxg3 17. hxg3 g5 18. Rb1 c4 19. Nc2 a5 20. a4 axb4 21. Rxb4 bxa4 22. Nxc4 Ba6 23. N2a3 Bxc4 24. Rxc4 Qa5 25. Bh3 Rfd8 26. Qb1 Nc5 27. Bxc5 dxc5 28. Qb7 Ra7 29. Be6+ Kh8 30. Qb5 Qxb5 31. Nxb5 Ra5 32. Rxc5 Bf8 33. c4 a3 34. Ra1 Ng6 35. Rc8 Rxc8 36. Bxc8 Bc5+ 37. Kf1 Ne7 38. Be6 Kg7 39. Ke2 h5 40. Kd3 Kf6 41. Kc3 h4 42. gxh4 gxh4 43. Kb3 Kg5 44. Ka2 Kf4 45. Rh1 Ng6 46. Bf5 Ne7 47. Rxh4+ Kxf3 48. d6 Nc6 49. d7 Be7 50. Rh8 Nb4+ 51. Kb3 a2 52. Rh1 a1Q 53. Rxa1 Rxa1 54. d8Q Rb1+ 55. Kc3 Bxd8 56. Nd6 Ba5 57. Nf7 Nd5+ 58. Kc2 Rb4 59. cxd5 Rxe4 60. Ng5+ Kf4 61. Nxe4 Kxf5 62. Kd3 Bc7 63. Nc5 Bd6 64. Ne4 Bf8 65. Nc3 Kf4 66. Ne2+ Kf5 67. Ng3+ Kf4 68. Nh5+ Kf5 69. Kc4 e4 70. Kd4 Kg5 71. Ng3 Kf4 72. Nxe4 Kf5 73. Ng3+ Kg4 74. Ne2 Kf5 75. Kc4 Ke4 76. Nc3+ Ke5 77. Kb5 Kd4 78. Kc6 Kxc3 79. Kd7 Kd4 80. Ke6 Bc5 81. d6 Bxd6 1/2-1/2

[Event "Titled Tuesday intern op 25th Oct Late"]
[Site "Chess.com INT"]
[Date "2022.10.25"]
[Round "11"]
[White "Szpar, Milosz"]
[Black "Radovic, Luka"]
[Result "0-1"]
[WhiteElo "2428"]
[BlackElo "2346"]
[PlyCount "100"]
[EventDate "2022.10.25"]
[EventType "swiss (blitz)"]
[EventRounds "11"]
[EventCountry "USA"]
[SourceTitle "EXT 2024"]
[Source "ChessBase"]
[SourceDate "2023.10.10"]
[SourceVersion "1"]
[SourceVersionDate "2023.10.10"]
[SourceQuality "1"]

1. e4 c5 2. Nc3 a6 3. g3 b5 4. Bg2 Bb7 5. Nf3 b4 6. Na4 e6 7. d4 Bxe4 8. Nxc5 Bd5 9. 0-0 d6 10. Nd3 Nc6 11. Nf4 Be4 12. Re1 d5 13. c4 bxc3 14. bxc3 Nf6 15. Qa4 Qd7 16. c4 Bxf3 17. Bxf3 Nxd4 18. Qd1 Nxf3+ 19. Qxf3 Rd8 20. Rb1 Be7 21. Bb2 0-0 22. cxd5 Nxd5 23. Nh5 f6 24. Qg4 g6 25. Rxe6 Nc7 26. Re4 f5 27. Qf4 gxh5 28. Qh6 Rf7 29. Rd4 Qe8 30. Re1 Rxd4 31. Bxd4 Qf8 32. Qc6 Bd6 33. Ba1 Nb5 34. a4 Nc7 35. Rd1 Bc5 36. Rc1 Bb4 37. Rc4 f4 38. Re4 fxg3 39. hxg3 Bc5 40. Re5 Bxf2+ 41. Kh1 Be3 42. Qc4 Bh6 43. Rxh5 Bg7 44. Rg5 Kh8 45. Rxg7 Rxg7 46. Kg2 Qg8 47. Qxc7 Qd5+ 48. Kh3 Qh5+ 49. Kg2 Qd5+ 50. Kh3 Qh1# 0-1

[Event "SRB-chT 1st League CS"]
[Site "Banja Vrujci"]
[Date "2022.10.04"]
[Round "5.6"]
[White "Vlajkovic, Stanko"]
[Black "Radovic, Luka"]
[Result "0-1"]
[WhiteElo "2207"]
[BlackElo "2346"]
[PlyCount "98"]
[EventDate "2022.10.01"]
[EventType "team-tourn"]
[EventRounds "11"]
[EventCountry "SRB"]
[SourceTitle "CBM 210 Extra"]
[Source "ChessBase"]
[SourceDate "2022.11.30"]
[SourceVersion "1"]
[SourceVersionDate "2022.11.30"]
[SourceQuality "1"]
[WhiteTeam "Arandjelovac"]
[BlackTeam "Kragujevac Radnicki"]
[WhiteTeamCountry "SRB"]
[BlackTeamCountry "SRB"]

1. d4 Nf6 2. Nf3 e6 3. e3 c5 4. Bd3 b6 5. Nbd2 Bb7 6. b3 cxd4 7. exd4 Be7 8. 0-0 0-0 9. Re1 Nc6 10. Bb2 Nb4 11. Bf1 Qc7 12. c4 d5 13. Ne5 dxc4 14. Ndxc4 Rac8 15. a3 Nbd5 16. Rc1 Qb8 17. g3 Ba8 18. Bg2 Rfe8 19. b4 a6 20. Qe2 Bf8 21. Nd2 Qb7 22. Ndf3 h6 23. Bf1 b5 24. Bg2 Rxc1 25. Bxc1 Nc3 26. Qd3 Qc7 27. Bd2 Ncd5 28. Rc1 Qb7 29. g4 Nd7 30. g5 Nxe5 31. dxe5 Rc8 32. gxh6 Rxc1+ 33. Bxc1 gxh6 34. Qd4 Qc7 35. Qg4+ Kh8 36. Bd2 Qc2 37. Qh5 Qd1+ 38. Bf1 Ne7 39. Kg2 Nf5 40. Bg5 Bxf3+ 41. Qxf3 Qxf3+ 42. Kxf3 hxg5 43. Kg4 Bg7 44. f4 gxf4 45. Kxf4 Bh6+ 46. Ke4 Bd2 47. Bh3 Bc1 48. Kd3 Bxa3 49. Kc3 Ne3 0-1

[Event "SRB-chT"]
[Site "Subotica"]
[Date "2019.09.01"]
[Round "11.2"]
[White "Radovic, Luka"]
[Black "Besedes, Danilo"]
[Result "1/2-1/2"]
[WhiteElo "2328"]
[BlackElo "2249"]
[PlyCount "134"]
[EventDate "2019.08.22"]
[EventType "team-tourn"]
[EventRounds "11"]
[EventCountry "SRB"]
[SourceTitle "EXT 2020"]
[Source "ChessBase"]
[SourceDate "2019.10.17"]
[SourceVersion "1"]
[SourceVersionDate "2019.10.17"]
[SourceQuality "1"]
[WhiteTeam "Kraljevo Sloga Turist"]
[BlackTeam "Elemir Naftagas"]
[WhiteTeamCountry "SRB"]
[BlackTeamCountry "SRB"]

1. c4 c6 2. Nf3 d5 3. g3 Nf6 4. b3 Bf5 5. Bg2 e6 6. Bb2 Be7 7. 0-0 0-0 8. d3 h6 9. Nbd2 Bh7 10. Qc2 Nbd7 11. a3 a5 12. Bc3 Qb6 13. Qb2 c5 14. d4 Rfe8 15. Ne5 cxd4 16. Bxd4 Bc5 17. Nxd7 Bxd4 18. Nxb6 Bxb2 19. Ra2 Ra6 20. Nxd5 exd5 21. Rxb2 Rxe2 22. cxd5 Be4 23. Rd1 Bxg2 24. Kxg2 Nxd5 25. Nc4 Ne3+ 26. Kf3 Rxb2 27. Rd8+ Kh7 28. Nxb2 Nc2 29. a4 Rb6 30. Rd7 Rxb3+ 31. Nd3 Nb4 32. Ke2 Nxd3 33. Rxd3 Rb4 34. Rd7 Kg6 35. h4 Kf6 36. Kf3 Ke6 37. Rc7 g6 38. Ke3 h5 39. Kf3 b6 40. Rb7 f6 41. Kg2 Kd5 42. Kf3 Kc6 43. Rf7 Rxa4 44. Rxf6+ Kb5 45. Rxg6 Rc4 46. Rg5+ Ka4 47. Rxh5 b5 48. Rh8 b4 49. Rb8 b3 50. h5 Rb4 51. Rxb4+ axb4 52. h6 b2 53. h7 b1Q 54. h8Q Qd3+ 55. Kg2 b3 56. g4 Qd2 57. Qa8+ Kb4 58. Qf8+ Kc4 59. Qc8+ Kd3 60. Qf5+ Kc3 61. Qc5+ Kd3 62. g5 Qf4 63. Qd5+ Kc2 64. Qc6+ Kd2 65. Qd5+ Kc2 66. Qc6+ Kd2 67. Qd5+ Kc2 1/2-1/2

[Event "Valjevo Manojlovic Memorial"]
[Site "Valjevo"]
[Date "2019.08.11"]
[Round "9"]
[White "Ozen, Deniz"]
[Black "Radovic, Luka"]
[Result "1/2-1/2"]
[WhiteElo "2429"]
[BlackElo "2328"]
[PlyCount "31"]
[EventDate "2019.08.05"]
[EventType "tourn"]
[EventRounds "9"]
[EventCountry "SRB"]
[EventCategory "6"]
[SourceTitle "EXT 2020"]
[Source "ChessBase"]
[SourceDate "2019.10.17"]
[SourceVersion "1"]
[SourceVersionDate "2019.10.17"]
[SourceQuality "1"]

1. e4 c5 2. Nf3 d6 3. Bb5+ Bd7 4. Bxd7+ Qxd7 5. 0-0 Nc6 6. c3 Nf6 7. Re1 e6 8. d4 cxd4 9. cxd4 d5 10. e5 Ne4 11. Nbd2 Nxd2 12. Bxd2 Bb4 13. Bxb4 Nxb4 14. Qd2 Nc6 15. Re3 0-0 16. Rae1 1/2-1/2

[Event "SRB-chT Central"]
[Site "Kragujevac"]
[Date "2018.09.20"]
[Round "9.5"]
[White "Radovic, Luka"]
[Black "Arandjelovic, Aleksandar Z"]
[Result "1-0"]
[WhiteElo "2342"]
[BlackElo "2041"]
[PlyCount "133"]
[EventDate "2018.09.14"]
[EventType "team-tourn"]
[EventRounds "11"]
[EventCountry "SRB"]
[SourceTitle "CBM 186 Extra"]
[Source "ChessBase"]
[SourceDate "2018.08.24"]
[SourceVersion "1"]
[SourceVersionDate "2018.08.24"]
[SourceQuality "1"]
[WhiteTeam "Kragujevac Radnicki"]
[BlackTeam "Pirot Progres"]
[WhiteTeamCountry "SRB"]
[BlackTeamCountry "SRB"]

1. Nf3 Nf6 2. c4 g6 3. g3 Bg7 4. Bg2 0-0 5. 0-0 d6 6. d4 Nc6 7. d5 Na5 8. Qa4 c5 9. Bd2 b6 10. Bc3 Rb8 11. Nbd2 Bf5 12. Nh4 Bd7 13. Qc2 b5 14. b3 Qc7 15. e4 e5 16. dxe6 fxe6 17. f4 b4 18. Bb2 e5 19. Rae1 Nc6 20. Ndf3 Bg4 21. Bc1 Bxf3 22. Nxf3 Nd4 23. Qd1 Rbe8 24. Nh4 exf4 25. gxf4 Qd8 26. Qd3 Nh5 27. Qh3 Bf6 28. Nf5 Nxf5 29. exf5 Bd4+ 30. Kh1 Rxf5 31. Be4 Bc3 32. Re3 Rff8 33. f5 Bd4 34. Ree1 Kg7 35. fxg6 Rxf1+ 36. Rxf1 hxg6 37. Qg4 Rxe4 38. Qxe4 Qd7 39. Qf3 Qe7 40. Qg2 Bf6 41. Bb2 Bc3 42. Bc1 Bf6 43. Bd2 a5 44. Qf3 Kh7 45. Re1 Qg7 46. Qg2 Bc3 47. Rf1 Qd4 48. Bg5 Qd3 49. Qf3 Qc2 50. Rf2 Qb1+ 51. Kg2 Bd4 52. Be3 Be5 53. Re2 Qd1 54. Bg5 Bd4 55. Kh3 Be5 56. Rg2 Qd4 57. Be3 Qd3 58. Rf2 Qc3 59. Kg2 Bd4 60. Re2 Be5 61. Bg5 Qd4 62. Rd2 Qa1 63. Qe4 Bd4 64. Kh3 Qf1+ 65. Rg2 Be5 66. Be3 Bf4 67. Qxg6+ 1-0

[Event "SRB-chT Central"]
[Site "Kragujevac"]
[Date "2018.09.18"]
[Round "7.6"]
[White "Sandic, Vladeta"]
[Black "Radovic, Luka"]
[Result "1-0"]
[WhiteElo "2324"]
[BlackElo "2342"]
[PlyCount "69"]
[EventDate "2018.09.14"]
[EventType "team-tourn"]
[EventRounds "11"]
[EventCountry "SRB"]
[SourceTitle "CBM 186 Extra"]
[Source "ChessBase"]
[SourceDate "2018.08.24"]
[SourceVersion "1"]
[SourceVersionDate "2018.08.24"]
[SourceQuality "1"]
[WhiteTeam "Valjevo Krusik"]
[BlackTeam "Kragujevac Radnicki"]
[WhiteTeamCountry "SRB"]
[BlackTeamCountry "SRB"]

1. d4 d5 2. c4 c6 3. Nf3 Nf6 4. Nc3 dxc4 5. a4 Bf5 6. e3 e6 7. Bxc4 Bb4 8. 0-0 0-0 9. Qe2 Bg6 10. Ne5 Nbd7 11. Nxg6 hxg6 12. Rd1 Nd5 13. Na2 Be7 14. e4 Nb4 15. Nc3 Nb6 16. Bb3 a5 17. Be3 Re8 18. Rac1 Bf6 19. g3 Nd7 20. f4 Be7 21. Bf2 Nf6 22. Kg2 Bf8 23. Qf3 Qc7 24. d5 exd5 25. e5 Nd7 26. Nxd5 Nxd5 27. Qxd5 Nb8 28. Qd3 Kh7 29. h4 Kh8 30. h5 gxh5 31. Qf5 Kg8 32. Qxh5 g6 33. Qxg6+ Bg7 34. Rd6 Qe7 35. Bc5 1-0

[Event "SRB-chT Central"]
[Site "Kragujevac"]
[Date "2018.09.16"]
[Round "4.2"]
[White "Radovic, Luka"]
[Black "Rajkovic, Mladen"]
[Result "1/2-1/2"]
[WhiteElo "2342"]
[BlackElo "2304"]
[PlyCount "48"]
[EventDate "2018.09.14"]
[EventType "team-tourn"]
[EventRounds "11"]
[EventCountry "SRB"]
[SourceTitle "CBM 186 Extra"]
[Source "ChessBase"]
[SourceDate "2018.08.24"]
[SourceVersion "1"]
[SourceVersionDate "2018.08.24"]
[SourceQuality "1"]
[WhiteTeam "Kragujevac Radnicki"]
[BlackTeam "Lucani Mladost"]
[WhiteTeamCountry "SRB"]
[BlackTeamCountry "SRB"]

1. Nf3 d5 2. g3 c5 3. Bg2 Nc6 4. 0-0 e5 5. d3 Nf6 6. e4 Be7 7. c3 0-0 8. exd5 Nxd5 9. Re1 f6 10. d4 exd4 11. cxd4 Bg4 12. Qb3 Na5 13. Qa4 Bd7 14. Qd1 Bc6 15. Nc3 Re8 16. Nxd5 Qxd5 17. Be3 Rad8 18. dxc5 Qh5 19. Nd4 Qxd1 20. Raxd1 Bxg2 21. Kxg2 Bxc5 22. Nf5 Rxd1 23. Rxd1 Bxe3 24. Nxe3 Nc6 1/2-1/2

[Event "SRB-chT"]
[Site "Valjevo"]
[Date "2018.09.10"]
[Round "11.4"]
[White "Radlovacki, Jovan"]
[Black "Radovic, Luka"]
[Result "1/2-1/2"]
[WhiteElo "2300"]
[BlackElo "2322"]
[PlyCount "24"]
[EventDate "2018.08.31"]
[EventType "team-tourn"]
[EventRounds "11"]
[EventCountry "SRB"]
[SourceTitle "CBM 186 Extra"]
[Source "ChessBase"]
[SourceDate "2018.08.24"]
[SourceVersion "1"]
[SourceVersionDate "2018.08.24"]
[SourceQuality "1"]
[WhiteTeam "Kac Jugovic"]
[BlackTeam "Kraljevo Sloga Turist"]
[WhiteTeamCountry "SRB"]
[BlackTeamCountry "SRB"]

1. e4 c5 2. Nf3 d6 3. c3 Nf6 4. d3 g6 5. g3 Bg7 6. Bg2 0-0 7. 0-0 Nc6 8. h3 e5 9. Re1 Re8 10. a3 b6 11. Nbd2 Bb7 12. Nf1 h6 1/2-1/2

[Event "SRB-chT"]
[Site "Valjevo"]
[Date "2018.09.05"]
[Round "6.1"]
[White "Radovic, Luka"]
[Black "Tadic, Stefan"]
[Result "1-0"]
[WhiteElo "2322"]
[BlackElo "2240"]
[PlyCount "125"]
[EventDate "2018.08.31"]
[EventType "team-tourn"]
[EventRounds "11"]
[EventCountry "SRB"]
[SourceTitle "CBM 186 Extra"]
[Source "ChessBase"]
[SourceDate "2018.08.24"]
[SourceVersion "1"]
[SourceVersionDate "2018.08.24"]
[SourceQuality "1"]
[WhiteTeam "Kraljevo Sloga Turist"]
[BlackTeam "Krajisnik Krajina"]
[WhiteTeamCountry "SRB"]
[BlackTeamCountry "SRB"]

1. e4 Nf6 2. Nc3 e5 3. Nf3 Nc6 4. Bb5 Bb4 5. 0-0 0-0 6. d3 d6 7. Bg5 Bxc3 8. bxc3 Qe7 9. Re1 Nd8 10. d4 Ne6 11. Bc1 c6 12. Bf1 Qc7 13. a4 Re8 14. Nh4 g6 15. Bh6 Nh5 16. g3 Nhg7 17. Qd2 Qa5 18. Qe3 Bd7 19. Bc4 Rad8 20. Qf3 exd4 21. cxd4 Qh5 22. Qe3 Nf8 23. Bg5 Rxe4 24. Qxe4 Qxg5 25. Nf3 Qf6 26. Qh4 Qxh4 27. Nxh4 d5 28. Bd3 Nge6 29. c3 Bc8 30. a5 Nd7 31. f4 c5 32. f5 Ng5 33. Rf1 cxd4 34. cxd4 Nb8 35. Bb5 Bd7 36. Bxd7 Rxd7 37. Nf3 Nxf3+ 38. Rxf3 Nc6 39. Rf4 g5 40. Rf2 Nxd4 41. a6 bxa6 42. Rxa6 Kg7 43. g4 Nb5 44. Kg2 d4 45. Rd2 d3 46. Ra5 Nc3 47. Ra3 Nd5 48. Kf3 Nf4 49. h4 h6 50. Ra6 Rc7 51. Ra1 Kf6 52. Ra6+ Kg7 53. Ra1 Kf6 54. Ra6+ Kg7 55. Ra1 f6 56. Rda2 d2 57. Rxd2 h5 58. gxh5 Nxh5 59. hxg5 fxg5 60. Ra6 Rc3+ 61. Kf2 Nf6 62. Rxa7+ Kh6 63. Rd6 1-0

[Event "Paracin Summer op-A 11th"]
[Site "Paracin"]
[Date "2018.07.10"]
[Round "6"]
[White "Bratkovic, Sham"]
[Black "Radovic, Luka"]
[Result "1/2-1/2"]
[WhiteElo "2190"]
[BlackElo "2344"]
[PlyCount "66"]
[EventDate "2018.07.06"]
[EventType "swiss"]
[EventRounds "9"]
[EventCountry "SRB"]
[SourceTitle "CBM 185 Extra"]
[Source "ChessBase"]
[SourceDate "2018.07.29"]
[SourceVersion "1"]
[SourceVersionDate "2018.07.29"]
[SourceQuality "1"]

1. e4 c5 2. Nf3 d6 3. d4 cxd4 4. Nxd4 Nf6 5. Nc3 a6 6. Be3 e5 7. Nf3 Be7 8. Bc4 0-0 9. 0-0 Be6 10. Bb3 Nc6 11. Qe2 Rc8 12. Rfd1 Qc7 13. Bg5 Rfe8 14. Qd2 Rcd8 15. Bxf6 Bxf6 16. Nd5 Bxd5 17. Qxd5 Nd4 18. Ne1 h5 19. g3 g6 20. Kg2 Kg7 21. h4 Qd7 22. c3 Ne6 23. Rd2 Bxh4 24. Rad1 Qe7 25. Nc2 Bf6 26. Nb4 Rh8 27. Qa5 Bg5 28. Rd3 h4 29. Rxd6 Nf4+ 30. gxf4 Rxd6 31. Rxd6 Qxd6 32. fxg5 Qe7 33. Nd3 Qxg5+ 1/2-1/2

[Event "Paracin Summer op-A 11th"]
[Site "Paracin"]
[Date "2018.07.06"]
[Round "1"]
[White "Radovic, Luka"]
[Black "Stankovic, Milos M"]
[Result "1-0"]
[WhiteElo "2344"]
[BlackElo "2100"]
[PlyCount "77"]
[EventDate "2018.07.06"]
[EventType "swiss"]
[EventRounds "9"]
[EventCountry "SRB"]
[SourceTitle "CBM 185 Extra"]
[Source "ChessBase"]
[SourceDate "2018.07.29"]
[SourceVersion "1"]
[SourceVersionDate "2018.07.29"]
[SourceQuality "1"]

1. Nf3 Nf6 2. g3 g6 3. Bg2 Bg7 4. c4 0-0 5. 0-0 Nc6 6. Nc3 e5 7. d3 d6 8. Rb1 a5 9. a3 h6 10. b4 axb4 11. axb4 Be6 12. e4 Nd7 13. Be3 Ne7 14. Qe2 f5 15. exf5 Nxf5 16. Nd2 c6 17. b5 Qc8 18. Rfc1 Nf6 19. bxc6 bxc6 20. Nde4 Nxe3 21. Qxe3 Qd7 22. Rb6 Ng4 23. Qe2 Rfb8 24. Rxc6 Qxc6 25. Nf6+ Nxf6 26. Bxc6 Ra6 27. Nd5 Bxd5 28. Bxd5+ Kh8 29. h4 h5 30. Kg2 Kh7 31. Rc2 Nxd5 32. cxd5 Ra5 33. Qe4 Rf8 34. f3 Rb5 35. Kh3 Ra5 36. Rc6 Rf6 37. Rc7 Ra2 38. d4 exd4 39. Qe7 1-0

[Event "Serbia Central Cup"]
[Site "Kragujevac"]
[Date "2018.04.29"]
[Round "1"]
[White "Milovanovic, Srboljub"]
[Black "Radovic, Luka"]
[Result "1/2-1/2"]
[WhiteElo "2108"]
[BlackElo "2338"]
[PlyCount "118"]
[EventDate "2018.04.29"]
[EventType "swiss"]
[EventRounds "6"]
[EventCountry "SRB"]
[SourceTitle "CBM 184 Extra"]
[Source "ChessBase"]
[SourceDate "2018.06.28"]
[SourceVersion "1"]
[SourceVersionDate "2018.06.28"]
[SourceQuality "1"]

1. d4 Nf6 2. c4 c5 3. d5 e5 4. Nc3 d6 5. Nf3 Be7 6. Qc2 0-0 7. e3 Nh5 8. Be2 g6 9. Bd2 f5 10. 0-0-0 Nd7 11. Ne1 Ndf6 12. f3 a6 13. g3 Bd7 14. Ng2 b5 15. Be1 Rb8 16. h3 Qa5 17. g4 Ng7 18. Nxb5 Qxa2 19. Nc3 Qa1+ 20. Qb1 Qa5 21. g5 Nfh5 22. f4 exf4 23. exf4 Rb7 24. Rd2 Rfb8 25. Rc2 Qd8 26. h4 Qf8 27. Rh3 Bd8 28. Nd1 Ba4 29. b3 Bxb3 30. Rb2 Bxd1 31. Rxb7 Rxb7 32. Qxb7 Bxe2 33. Qxa6 Bf1 34. Rb3 Bxg2 35. Rb8 Qe7 36. Ba5 Ne8 37. Rxd8 Nxf4 38. Qc8 Qe3+ 39. Kb2 Nd3+ 40. Ka3 Qc1+ 41. Kb3 Qd1+ 42. Kc3 Qe1+ 43. Kb3 Qd1+ 44. Kc3 Qa1+ 45. Kxd3 Bf1+ 46. Kc2 Qa2+ 47. Kc1 Qxc4+ 48. Kd2 Qd3+ 49. Kc1 Qc4+ 50. Kd2 Qd3+ 51. Kc1 Qa3+ 52. Kc2 Qa4+ 53. Kc1 Qa1+ 54. Kc2 Qa4+ 55. Kc1 Qf4+ 56. Kd1 Qf3+ 57. Kc1 Qf4+ 58. Kd1 Qg4+ 59. Kc1 Qc4+ 1/2-1/2

[Event "Kragujevac New Year"]
[Site "Kragujevac"]
[Date "2018.01.16"]
[Round "8"]
[White "Novoselski, Zoran"]
[Black "Radovic, Luka"]
[Result "1-0"]
[WhiteElo "2346"]
[BlackElo "2350"]
[PlyCount "71"]
[EventDate "2018.01.11"]
[EventType "tourn"]
[EventRounds "9"]
[EventCountry "SRB"]
[EventCategory "4"]
[SourceTitle "CBM 182 Extra"]
[Source "ChessBase"]
[SourceDate "2018.02.23"]
[SourceVersion "1"]
[SourceVersionDate "2018.02.23"]
[SourceQuality "1"]

1. Nf3 c5 2. e4 d6 3. Bb5+ Bd7 4. Bxd7+ Nxd7 5. 0-0 Ngf6 6. Qe2 e6 7. c3 Be7 8. d4 0-0 9. Rd1 d5 10. e5 Ne4 11. Ne1 f5 12. Nd3 Rc8 13. f3 Ng5 14. Be3 Nf7 15. Nd2 Qb6 16. dxc5 Qa6 17. b4 Nfxe5 18. Nf4 Qxe2 19. Nxe2 b6 20. Nf4 Kf7 21. cxb6 axb6 22. Ne2 Bf6 23. Bd4 Nd3 24. Bxf6 gxf6 25. a4 e5 26. Nb3 e4 27. f4 Ra8 28. Nbc1 Nb2 29. Rxd5 Ke6 30. Rd2 Nxa4 31. Nd4+ Kd6 32. Nb5+ Kc6 33. c4 Nac5 34. Rxa8 Rxa8 35. bxc5 Ra1 36. Nd4+ 1-0